书目信息 |
| 题名: |
图案
|
|
| 作者: | 崔栋良 编著 | |
| 分册: | ||
| 出版信息: | 北京 中国纺织工业出版社 |
|
| 页数: | 154页 | |
| 开本: | 16开 | |
| 丛书名: | ||
| 单 册: | ||
| 中图分类: | J51 | |
| 科图分类: | ||
| 主题词: | 图案学 | |
| 电子资源: | ||
| ISBN: | 7-5064-1221-7 | |
| 000 | 00508nam0 2200193 45 | |
| 001 | 0009021729 | |
| 005 | 20001203103712.5 | |
| 010 | @a7-5064-1221-7@d18.00元 | |
| 100 | @a20000902d km y0chiy0120 ea | |
| 101 | 0 | @achi |
| 105 | @a z 000yy | |
| 200 | 1 | @a图案@ATu An@f崔栋良编著@FCui Dong Liang Bian Zhu |
| 210 | @a北京@c中国纺织工业出版社 | |
| 215 | @a154页@d16开 | |
| 606 | 0 | @a图案学 |
| 690 | @aJ51@v3 | |
| 701 | 0 | @a崔栋良@4编著 |
| 801 | @aCN@bPftUser@c20000902 | |
| 905 | @dJ51@eC446@b511353-357@f5 | |
| 图案/崔栋良编著.-北京:中国纺织工业出版社 |
| 154页;16开 |
| ISBN 7-5064-1221-7:18.00元 |
| ● |
| 相关链接 |
|
|
|
正题名:图案
索取号:J51/C446
 
预约/预借
| 序号 | 登录号 | 条形码 | 馆藏地/架位号 | 状态 | 备注 |
| 1 | 511353 | 205113535 | 社科库309/309社科库 85排4列5层/ [索取号:J51/C446] | 在馆 | |
| 2 | 511354 | 205113544 | 社科库309/309社科库 85排4列5层/ [索取号:J51/C446] | 在馆 | |
| 3 | 511355 | 205113553 | 自科二线404/404自科库 7排5列3层/ [索取号:J51/C446] | 在馆 | |
| 4 | 511356 | 205113562 | 社科库309/ [索取号:J51/C446] | 在馆 | |
| 5 | 511357 | 205113571 | 自科二线404/309社科库 62排1列3层/ [索取号:J51/C446] | 在馆 |